000 003160000a22001450004500
003 MACL
040 _aMACL
090 _c32117
_d32115
100 _aTyagi, Agrawal
245 _aArvind Objective Chemistry
260 _bArvind Vivek Prakashan
_c1993
350 _a50
650 _aChemistry
942 _cBOOK
_k540/Aga
999 _c31792
_d31792